| 000 | 01317naa a22003497a 4500 | ||
|---|---|---|---|
| 001 | BR8001947 | ||
| 003 | BR-BrBNA | ||
| 005 | 20240918174542.0 | ||
| 007 | ta | ||
| 008 | 230509b bl.||||| |||| 00| 0 por d | ||
| 040 |
_aBR-BrBNA _bpor _cBiblioteca Nacional de Agricultura |
||
| 041 | _a(Pt) | ||
| 072 |
_aH20 _b1000 _b4150 |
||
| 090 | _aH20 BR8001947 | ||
| 100 | 1 | _aMuller, G.W. | |
| 245 | 1 |
_aMolestias de virus e micoplasmas de citros [Tristeza; Exocorte; Sorose; Xiloporose] _bpt. 1 |
|
| 246 | 1 |
_a[Virus diseases and citrus mycoplasms ["Sadness"; Exocortis; Sorosis; Xyloporosis]] _b[pt. 1] |
|
| 246 | 1 | _a[Brazilian citriculture] | |
| 260 | 3 |
_aCampinas, SP (Brasil): _c1980. |
|
| 500 | _aRodriguez, O.; Viegas, F. (eds.) Citricultura brasileira Campinas, SP (Brasil): 1980. v. 2 p. 565-585 (BR8001947-AM)H20 | ||
| 650 | _aDoenca de planta | ||
| 650 | _aFruta citrica | ||
| 650 | _aTristeza citrica | ||
| 650 | _aExocorte | ||
| 650 | _aSorose | ||
| 650 | _aXiloporose | ||
| 650 | _aTransmissao de doenca | ||
| 650 | _aVirus | ||
| 773 | 0 |
_tCitricultura brasileira _aRodriguez, O.; Viegas, F.; Pompeu Junior, J.; Amaro, A.A. - Fundacao Cargill, Campinas, SP (Brasil) _b2. ed. _w1000 BR9207802 _gCampinas, SP (Brasil), 1991. _q2 v. |
|
| 909 |
_a202404 _bLucia _c55 _dLucia Elande |
||
| 942 |
_cAM _2AGRIS |
||
| 999 |
_c311945 _d311945 |
||